Hľadanie skrytej dimenzie v názoroch slovenských spotrebiteľov na služby distribučného kanála s nábytkom

Prezentácia výsledkov prieskumu zameraného na služby poskytované slovenských spotrebiteľom distribučného kanála s nábytkom z hľadiska ich názorov. Fázy faktorovej analýzy: príprava a posúdenie vhodnosti dát, odhad modelu faktorovej analýzy pred rotáciou a po rotácii.

Enregistré dans:
Détails bibliographiques
Auteur principal: Vojtková, Mária, 1966-
Autres auteurs: Kita, Pavol
Format: Chapitre de livre
Langue:slovaque
Sujets:
Tags: Ajouter un tag
Pas de tags, Soyez le premier à ajouter un tag!

MARC

LEADER 00000naa$a2200000$$$4500
001 0029848
005 20240502071435.4
041 0 |a slo 
044 |a SK 
245 1 0 |a Hľadanie skrytej dimenzie v názoroch slovenských spotrebiteľov na služby distribučného kanála s nábytkom  |c Mária Vojtková, Pavol Kita 
520 |a Prezentácia výsledkov prieskumu zameraného na služby poskytované slovenských spotrebiteľom distribučného kanála s nábytkom z hľadiska ich názorov. Fázy faktorovej analýzy: príprava a posúdenie vhodnosti dát, odhad modelu faktorovej analýzy pred rotáciou a po rotácii. 
610 2 0 |a spotrebitelia 
610 2 0 |a služby 
610 2 0 |a kanály distribučné 
610 2 0 |a nábytok 
610 2 0 |a analýza faktorová 
610 2 0 |a metódy štatistické 
100 1 |a Vojtková, Mária, 1966- 
700 1 |a Kita, Pavol